| 000 | 00645nam a2200217 i 4500 | ||
|---|---|---|---|
| 001 | 34271 | ||
| 003 | ES-MaACL | ||
| 005 | 20250814091645.0 | ||
| 007 | t| | ||
| 008 | 030204s1930 fr ||||1| fre d | ||
| 100 | 1 |
_aBloch, Eugène. _929508 |
|
| 245 | 1 | 0 |
_aThéorie cinétique des gaz / _cpar Eugène Bloch. |
| 250 | _a2eme ed. rev. et corr. | ||
| 260 |
_aParís : _bArmand Colin, _c1930. |
||
| 300 |
_a182 p. : _bil. ; _c17 cm. |
||
| 490 | 1 | _aCollection Armand Colin | |
| 650 | 7 |
_aTeoría cinética de los gases _2embne _9150436 |
|
| 830 | 0 |
_aCollection Armand Colin _9184182 |
|
| 852 |
_aES-MaACL _jF-14559 |
||
| 999 |
_c34271 _d34271 |
||